Sports Quiz

Random Sports or NBA Quiz

NBA Last Five 25.0+ PPG Players by Team Quiz Stats

 Plays Quiz Updated Apr 15, 2021

Support Sporcle.
Go Orange.
Score 0/134 Timer 10:00
15 Plays Today
Team Player % Correct
ClevelandLeBron James
98.7%
ClevelandLeBron James
98.7%
ClevelandLeBron James
98.7%
ClevelandLeBron James
98.7%
MiamiLeBron James
98.7%
MiamiLeBron James
98.6%
MiamiLeBron James
98.5%
MiamiLeBron James
98.4%
ChicagoMichael Jordan
97.8%
ChicagoMichael Jordan
97.8%
LA LakersLeBron James
97.7%
ChicagoZach LaVine
97.7%
LA LakersLeBron James
97.6%
ClevelandKyrie Irving
97%
ChicagoZach LaVine
96.9%
LA LakersKobe Bryant
96.8%
LA LakersKobe Bryant
96.8%
DenverCarmelo Anthony
96.4%
DenverCarmelo Anthony
96.4%
DenverCarmelo Anthony
96.4%
Oklahoma CityKevin Durant
96.4%
DenverNikola Jokić
96.3%
DallasDirk Nowitzki
95.8%
DallasDirk Nowitzki
95.8%
DallasDirk Nowitzki
95.8%
DallasLuka Dončić
95.8%
New YorkCarmelo Anthony
95.8%
DallasLuka Dončić
95.6%
LA LakersAnthony Davis
95.6%
Oklahoma CityRussell Westbrook
95.5%
HoustonJames Harden
95.5%
BostonPaul Pierce
95.4%
BostonPaul Pierce
95.4%
BostonPaul Pierce
95.4%
ChicagoDerrick Rose
95.2%
Oklahoma CityRussell Westbrook
95%
HoustonJames Harden
95%
New YorkCarmelo Anthony
95%
New OrleansAnthony Davis
94.9%
BrooklynKyrie Irving
94.8%
Oklahoma CityRussell Westbrook
94.7%
BostonJayson Tatum
94.5%
New OrleansAnthony Davis
94.4%
TorontoKawhi Leonard
94.4%
DenverAllen Iverson
94.4%
Team Player % Correct
PhiladelphiaAllen Iverson
94.4%
PhiladelphiaAllen Iverson
94.4%
PhiladelphiaAllen Iverson
94.4%
Oklahoma CityPaul George
94.4%
PhiladelphiaJoel Embiid
94.4%
New OrleansAnthony Davis
94.1%
CharlotteKemba Walker
94%
BostonIsaiah Thomas
93.5%
HoustonJames Harden
93.4%
San AntonioTim Duncan
93%
PhiladelphiaJoel Embiid
93%
PortlandDamian Lillard
92%
HoustonJames Harden
91.8%
San AntonioKawhi Leonard
91.6%
HoustonRussell Westbrook
91%
BrooklynVince Carter
90.7%
BrooklynVince Carter
90.7%
TorontoVince Carter
90.7%
TorontoVince Carter
90.7%
UtahKarl Malone
90.2%
UtahKarl Malone
90.2%
UtahKarl Malone
90.2%
UtahKarl Malone
90.2%
UtahDonovan Mitchell
90.2%
New OrleansZion Williamson
90%
New OrleansDeMarcus Cousins
89.6%
MinnesotaKarl-Anthony Towns
89.1%
MiamiDwyane Wade
89%
San AntonioDavid Robinson
88.3%
San AntonioDavid Robinson
88.3%
San AntonioDavid Robinson
88.3%
TorontoDeMar DeRozan
87.9%
OrlandoTracy McGrady
84.6%
OrlandoTracy McGrady
84.6%
OrlandoTracy McGrady
84.6%
OrlandoTracy McGrady
84.6%
MilwaukeeGiannis Antetokounmpo
84.4%
OrlandoShaquille O'Neal
83.7%
PortlandDamian Lillard
83.7%
AtlantaTrae Young
83.5%
AtlantaJoe Johnson
83%
AtlantaTrae Young
82.5%
AtlantaDominique Wilkins
82.4%
AtlantaDominique Wilkins
82.3%
Golden StateStephen Curry
82.2%
Team Player % Correct
New YorkAmare Stoudemire
82.2%
PhoenixAmare Stoudemire
82.2%
PhoenixAmare Stoudemire
82.2%
PortlandDamian Lillard
81.2%
Golden StateKevin Durant
80.6%
Golden StateStephen Curry
80.6%
Golden StateKevin Durant
80.4%
MinnesotaKevin Love
79.8%
MinnesotaKevin Love
79.8%
WashingtonBradley Beal
78.8%
WashingtonGilbert Arenas
78.6%
WashingtonGilbert Arenas
78.6%
New YorkPatrick Ewing
78.4%
New YorkPatrick Ewing
78.4%
Golden StateStephen Curry
77.8%
PortlandDamian Lillard
77.3%
MilwaukeeGiannis Antetokounmpo
75.1%
MilwaukeeGiannis Antetokounmpo
73.2%
SacramentoChris Webber
73.1%
PhoenixDevin Booker
71.4%
IndianaDanny Granger
64.9%
MilwaukeeGiannis Antetokounmpo
64.9%
MilwaukeeMichael Redd
64.4%
SacramentoDeMarcus Cousins
59.2%
SacramentoDeMarcus Cousins
55.8%
DetroitGrant Hill
52.2%
PortlandDamian Lillard
50.7%
PhoenixDevin Booker
49.2%
LA ClippersKawhi Leonard
48.9%
DetroitJerry Stackhouse
47.5%
LA ClippersBob McAdoo
44.7%
LA ClippersBob McAdoo
44.7%
WashingtonBradley Beal
42.9%
CharlotteGlen Rice
37.8%
PhoenixDevin Booker
37%
SacramentoMitch Richmond
36.9%
WashingtonBradley Beal
28.5%
DetroitBob Lanier
25.1%
DetroitBob Lanier
25.1%
SacramentoDe'Aaron Fox
22.1%
LA ClippersWorld B. Free
18.6%
LA ClippersWorld B. Free
18.6%
DetroitKelly Tripucka
10.4%
IndianaBilly Knight
6.1%

You're not logged in!

Compare scores with friends on all Sporcle quizzes.
OR
Log In

From the Vault

Countries with AAA Credit Rating

by dm21uk

Here's hoping we don't have to update this quiz on Tuesday.
Remove Ads.
Support Sporcle.
Get the best of Sporcle when you Go Orange. This ad-free experience offers more features, more stats, and more fun while also helping to support Sporcle. Thank you for becoming a member.

Show Comments

Extras

Top Quizzes Today


Score Distribution

Your Account Isn't Verified!

In order to create a playlist on Sporcle, you need to verify the email address you used during registration. Go to your Sporcle Settings to finish the process.

Report this User

Report this user for behavior that violates our Community Guidelines.

Details: